01409nam a2200325 a 4500001001200000003000800012006001900020007001500039008004100054020001800095040002100113035002100134043001200155050002800167100003400195245015400229260003400383300002400417490005400441504005100495533015200546650004500698651004800743651004800791655002900839710001700868830005500885856012600940999001701066ebr10254920CaPaEBRm u cr cn|||||||||090430s2007 enka sb 001 0deng d z9781845115258 aCaPaEBRcCaPaEBR a(OCoLC)609082547 aa-cc-hk14aJQ1539.5.A69bE9 2007eb1 aTsang, Steve Yui-Sang,d1959-10aGoverning Hong Kongh[electronic resource] :badministrative officers from the nineteenth century to the handover to China, 1862-1997 /cSteve Tsang. aLondon :bI.B. Tauris,c2007. axii, 227 p. :bill.1 aInternational library of colonial history ;vv. 9 aIncludes bibliographical references and index. aElectronic reproduction.bPalo Alto, Calif. :cebrary,d2013.nAvailable via World Wide Web.nAccess may be limited to ebrary affiliated libraries. 0aGovernment executiveszChinazHong Kong. 0aHong Kong (China)xOfficials and employees. 0aHong Kong (China)xPolitics and government. 7aElectronic books.2local2 aebrary, Inc. 0aInternational library of colonial history ;vv. 9.40uhttp://site.ebrary.com/lib/rucke/Doc?id=10254920zAn electronic book accessible through the World Wide Web; click to view c14682d14682